| 000 | 01615nam a2200445 a 4500 | ||
|---|---|---|---|
| 999 |
_c400688 _d400688 |
||
| 003 | BLK | ||
| 005 | 20250527144555.0 | ||
| 008 | 210311b bu |||||r|||| 00| | bu d | ||
| 020 | _a9786197058963 | ||
| 040 | _aBLK | ||
| 041 |
_aBUL _cBUL |
||
| 080 |
_aБългария през периода на капитализма _b94(497.2)"1878/1944" _z94(497.2)"1878/1944" |
||
| 080 |
_aКраезнание _b908 _x(497.215) _z908(497.215) |
||
| 100 | 1 |
_aЗлатев, Любомир Златанов _d1952 - _gИсторик. _969985 |
|
| 139 |
_aЗлатев, Любомир Златанов _bЗ 72 |
||
| 245 | 1 | 0 |
_aИсторически изследвания за дунавската столица на България и за Българското подунавие (от Освобождението до средата на XX век) _cЛюбомир Златанов Златев. |
| 257 | _aBGR | ||
| 260 |
_aРусе _bЛени Ан _c2020 _9209554 _n978-619-7058- ; 978-954-8190- |
||
| 300 |
_a458 с. _c24 см |
||
| 380 | _a9 | ||
| 650 | 4 |
_aИстория - Русе _9267238 |
|
| 651 | 4 |
_aБългария _9241624 |
|
| 651 | 4 |
_aРусе _9179462 |
|
| 653 | _aистория | ||
| 653 | _aРусе | ||
| 653 | _aБългария | ||
| 659 | _aК | ||
| 852 | _bО | ||
| 852 |
_bК _cК 94(497.2)/З-72 Л |
||
| 856 | 4 |
_qpdf _u |
|
| 856 | 4 |
_qpdf _u |
|
| 942 |
_cKNG _n0 _s1 _011 |
||
| 944 |
_aCR _c2021-03-11 _k30530 _lМинев Младен |
||
| 999 | _d400688 | ||
| 999 | _d400688 | ||
| 999 | _d400688 | ||
| 999 | _d400688 | ||
| 999 | _d400688 | ||
| 999 | _d400688 | ||